000 00639nam a2200181 i 4500
001 bg
100 1 _aBRYŚ, Henryk
245 0 _aModel refrakcji elektrooptycznej oraz jej wpływ na wyniki pomiarów geodezyjnych /
_cH. Bryś.
260 _aKraków,
_c1983.
490 1 _aZeszyt Naukowy / Politechnika Krakowska. Budownictwo Wodne i Inżynieria Sanitarna ;
_vz. 32
500 _aNumeracja ser. gł. : nr 3.
830 0 _aZeszyt Naukowy (Politechnika Krakowska).
_pBudownictwo Wodne i Inżynieria Sanitarna ;
_vz. 32
040 _cBPK
041 _apol
080 _a528.02
942 _cKS
008 s pl f |000 0 pol
999 _c22734
_d22734
856 _uhttp://koha.tu.koszalin.pl/cgi-bin/koha/opac-detail.pl?biblionumber=22734
_yKatalog online BPK